Cite os 10 maiores portos marítimos da Europa - com dicas - Statistics

Estatísticas Gerais
  • Esse quiz foi jogado 14 vezes
  • A pontuação média é 3 de 10
Estatísticas das Respostas
Hint Resposta % Correto
NL Roterdã
75%
NL Amsterdã
67%
F Marselha
42%
D Hamburgo
33%
B Antuérpia
25%
SP Valência
17%
SP Algeciras
8%
F Havre
8%
GR Pireu
8%
D Brema
0%
Nenhum quiz correspondente encontrado
Distribuição das Pontuações
Porcentagem de Pessoas com Cada Pontuação
Percentil de Números Respondidos
Sua Pontuação Histórica
Você não jogou esse quiz